000 01436nam a2200373 i 4500
001 8268
003 KOSZ 005
005 20191003090334.0
008 170701s1962 pl a f 001 0 pol
040 _aWA N
_cKOSZ 005/RW
_dKOSZ 005/RW
_dKOSZ 005/HR
041 1 _apol
_hrus
046 _k1962
080 _a535.24
080 _a(07)
100 1 _aSapožnikov, Rostislav Alekseevič.
_eAutor.
245 1 0 _aFotometria teoretyczna /
_cR. A. Sapożnikow ; tł. Waldemar Staśkiewicz.
246 1 _iTyt. oryg.:
_aTeoretičeskaâ fotometriâ
260 _aWarszawa :
_bWydawnictwa Naukowo-Techniczne,
_c1962.
300 _a204, [1] s. :
_bil. ;
_c20 cm.
336 _2rdacontent
_aTekst
_btxt
337 _2rdamedia
_aBez urządzenia pośredniczącego
_bn
338 _2rdacarrier
_aWolumin
_bnc
380 _aKsiążki
388 _a1901-
504 _aBibliogr. s. 188-[202]. Indeks.
521 8 _aDla inżynierów oświetleniowców, fizyków zajmujących się optyką, oświetleniem i wymianą ciepła oraz dla studentów wyższych uczelni technicznych.
658 _aFizyka i astronomia
655 4 _aPodręcznik
650 4 _aFotometria
700 1 _aStaśkiewicz, Waldemar
_d(?-2006).
_eTłumaczenie
710 2 _aWydawnictwa Naukowo-Techniczne
_4pbl.
856 _uhttp://koha.tu.koszalin.pl/cgi-bin/koha/opac-detail.pl?biblionumber=8268
_yKatalog online BPK
942 _cKS
_2UKD
999 _c8268
_d8268